Personnages de Robin des Bois par images - Disney - Statistiques

Statistiques générales
  • Ce quiz a été pris 26 fois
  • Le résultat moyen est 9 sur 21
Statistiques - réponses
Par images Réponse % Correct
Robin des Bois
100%
Belle Marianne
88%
Petit Jean
83%
Prince Jean
83%
Frère Tuck
75%
Triste Sire
63%
Dame Gertrude
58%
Roi Richard Cœur de Lion
58%
Shérif de Nottingham
54%
Bobby
46%
Niquedouille
38%
Pendard
29%
Adam de La Halle
25%
Corniaud
25%
Toby
21%
Croquenote
13%
Ainée de la famille lapin
8%
Le capitaine des Gardes
8%
Mère Souris
8%
Tagalong
8%
Veuve Lapin
4%
Aucun quiz correspondant
Distribution des résultats
% des personnes avec chaque résultat
Percentile par nombre de réponses
Votre historique - résultats
Vous n’avez pas pris ce quiz